000 005370000a22002170004500
003 LK-CoMWRAF
005 20231020100833.0
008 230817t2002 ||||| |||| 00| 0 eng d
020 _a9057680041
040 _aLK-CoMWRAF
_dLK-CoMWRAF
_eLK-CoMWRAF
041 _aeng
082 _a746.6
_bROO
100 _aRoojen, Pepin van
245 _aBatik Patterns
260 _bAmsterdam:
_aThe Peppin press,
_c2002
300 _a118 p. ill.
490 _aAgile rabbit
650 _aBATIK
650 _aBatik--Themes, motives
942 _cBK
999 _c2166
_d2166